000 00199 a2200097 4500
001 20441
100 _aShames
245 _aMachanics of Fluids
260 _a
_bMc Graw Hill
_c
090 _c14876
_d14876
942 _aNUST-CAE
_cM
_c5420
999 _c255514
_d255514